000 00853nam0a22002531 4500
001 rc\523991
005 20250621120402.0
010 _a5-09-000824-8
_9350000
035 _a(NLR Aleph) 005762877
090 _a4957777
_c4957777
100 _a20030616d1988 |||y0rusy50 ca
101 0 _arus
102 _aRU
105 _ay |||||||||
200 1 _aШкольный топонимический словарь
_eПособие для учащихся сред. и ст. возраста
210 _aМ.
_cПросвещение
_d1988
215 _a224 с.
_d22
700 1 _aПоспелов
_bЕ. М.
_cд-р геогр. наук
_f1923-2007
_gЕвгений Михайлович
_9172439
_3RU\NLR\AUTH\770172489
801 0 _aRU
_bNLR
_gpsbo
801 1 _aRU
_bELAR
_2rusmarc
852 _aNLR
_bС
_jК-2/4380
942 _cBOOK
980 _aNB